000 00493nam a2200133Ia 4500
008 100328s9999 xx 000 0 und d
082 _b59040
100 _aगडकर रेचल.
245 _aभारतवासी बेनेइस्त्राएली.
260 _bग्रंथाली.
630 _aभारतवासी बेनेइस्त्राएली.
730 _aभारतवासी बेनेइस्त्राएली.
942 _cBOOK
999 _c545306
_d545303